1911 1750 1421 1161 1801 1989 1294 1646 1616 1869 1390 1779 1589 1941 1881 1626 1661 1620 1232 1605 1221 1248 1233 1235 1729 1569 1430 1788 1773 1061 1963 1443 1062 1706 1845 1328 1905 1581 1472 1987 1920 1320 1904 1370 1836 1329 1118 1422 1836 1476 1438 1747 1381 1480 1144 1053 1023 1415 1481 1603 1217 1115 1705 1517 1666 1221 1797 1447 1296 1031 1394 1505 1459 1344 1705 1258 1879 1257 1912 1123 1767 1682 1312 1743 1056 1049 1860 1869 1475 1259 1159 1101 1891 1622 1132 1380 1089 1463 1191 BCNSPRNW ULIB Ver.6.0+V

เปลี่ยนเป็นภาษาไทย

Change to English
 แสดงรายละเอียดบรรณานุกรม
  กลับหน้าหลัก

Brief Record : Get Marc (ISO 2709) : E-mail record : QR code < ปิดหน้าต่าง
LEADER : 00000nam 2200000uu 4500
001    13399108634
003     ULIB
008    110310s2551||||th 000 0 tha d
020    9789740320821
060 04 QY4^bว711ก 2551
100 0  วิโรจน์ ไววานิชกิจ
245 10 เกร็ดพยาธิวิทยาคลินิก /^cวิโรจน์ ไววานิชกิจ
250    พิมพ์ครั้งที่ 1
260    กรุงเทพฯ :^bสำนักพิมพ์แห่งจุฬาลงกรณ์มหาวิทยาลัย,^c2551
300    83 หน้า :^bภาพประกอบ ;^c21 ซม.
650  7 พยาธิวิทยาคลินิก
650  7 การวินิจฉัยโรคทางห้องปฏิบัติการ
945    ^p90^l0^i028832
945    ^p90^l0^i028830
945    ^p90^l0^i028831
945    ^p90^l0^i024059
945    ^p90^l0^i024058
995    ทศพร
999 ^a ใช้งานได้ทุกระบบ
รายการนี้ยังไม่มีแท็ก
คุณยังไม่ได้ล็อกอิน คุณสามารถมีกิจกรรมร่วมกับเว็บไซต์ได้ แต่ต้องล็อกอินก่อน ::
  ล็อกอิน

รายการสื่อสารสนเทศ

ลำดับที่ ประเภท เลขเรียก/บาร์โค้ด สถานที่ สถานะ
- ไม่พบข้อมูล -

รายการใกล้เคียง
    ผู้แต่ง [วิโรจน์ ไววานิชกิจ]

    หัวเรื่อง [พยาธิวิทยาคลินิก]
    หัวเรื่อง [การวินิจฉัยโรคทางห้องปฏิบัติการ]

BibComment


ยังไม่เคยถูกคอมเมนท์

คอมเมนท์ทรัพยากรรายการนี้
  คอมเมนท์: เกร็ดพยาธิวิทยาคล..


 Copyright 2026. Bcnsprnw @Library